[Event "NED-chT 1819"]
[Site "Netherlands"]
[Date "2019.03.16"]
[Round "7.10"]
[White "Ducarmon, Renzo"]
[Black "Dek, Lennart"]
[Result "1-0"]
[WhiteElo "2142"]
[BlackElo "2314"]
[PlyCount "59"]
[EventDate "2018.09.15"]
[EventType "team-tourn"]
[EventRounds "9"]
[EventCountry "NED"]
[SourceTitle "CBM 189 Extra"]
[Source "ChessBase"]
[SourceDate "2019.06.03"]
[SourceVersion "1"]
[SourceVersionDate "2019.06.03"]
[SourceQuality "1"]
[WhiteTeam "Sas van Gent"]
[BlackTeam "Kennemer Combinatie"]
[WhiteTeamCountry "NED"]
[BlackTeamCountry "NED"]

1. e4 c5 2. Nf3 Nc6 3. d4 cxd4 4. Nxd4 e5 5. Nb5 d6 6. N1c3 Nf6 7. Bg5 a6 8. Na3 b5 9. Nd5 Be7 10. Bxf6 Bxf6 11. c4 b4 12. Nc2 0-0 13. g3 a5 14. Bg2 Bg5 15. 0-0 Be6 16. b3 Ne7 17. Nce3 Bxe3 18. Nxe3 Qb6 19. Qd2 Qc5 20. Kh1 Ra6 21. f4 exf4 22. gxf4 f5 23. exf5 Nxf5 24. Nxf5 Bxf5 25. Rfe1 Qc7 26. Qd5+ Qf7 27. Qb5 Qa7 28. Bd5+ Kh8 29. Re8 Rxe8 30. Qxe8# 1-0

[Event "Vlissingen HZ op 19th"]
[Site "Vlissingen"]
[Date "2015.08.03"]
[Round "4"]
[White "Van Foreest, Lucas"]
[Black "Ducarmon, Renzo"]
[Result "1-0"]
[WhiteElo "2293"]
[BlackElo "2092"]
[PlyCount "148"]
[EventDate "2015.08.01"]
[EventType "swiss"]
[EventRounds "9"]
[EventCountry "NED"]
[SourceTitle "CBM 167 Extra"]
[Source "ChessBase"]
[SourceDate "2015.09.14"]
[SourceVersion "1"]
[SourceVersionDate "2015.09.14"]
[SourceQuality "1"]

1. b3 Nc6 2. Bb2 e5 3. e3 d6 4. c4 f5 5. d4 Be7 6. Nf3 e4 7. Nfd2 Nf6 8. Be2 0-0 9. 0-0 Qe8 10. Nc3 Bd8 11. f3 Qg6 12. fxe4 fxe4 13. Rf4 Re8 14. Ncxe4 Qh6 15. Nxf6+ Bxf6 16. Ne4 Bd8 17. Qf1 Ne7 18. Bd3 Ng6 19. Rf2 Bh4 20. g3 Be7 21. Qe2 Bh3 22. Re1 a6 23. Bc1 Rad8 24. Qc2 Qh5 25. Be2 Bg4 26. Nc3 Bg5 27. Bxg4 Qxg4 28. Qf5 Qxf5 29. Rxf5 h6 30. Kg2 Ne7 31. Rff1 Nc6 32. Nd5 Rd7 33. Bd2 Bd8 34. Nf4 Rde7 35. d5 Ne5 36. Bc3 Rd7 37. Bxe5 Rxe5 38. Ng6 Re8 39. Rf5 Bg5 40. h4 Bf6 41. Nf4 Bc3 42. Re2 Rf7 43. Rxf7 Kxf7 44. Ne6 c5 45. Rf2+ Ke7 46. Kf3 g6 47. h5 g5 48. Ke4 Rc8 49. Rc2 Be5 50. g4 b6 51. a3 a5 52. Kd3 Rb8 53. Re2 Rc8 54. Nd4 Kd7 55. Nf5 Rh8 56. Ra2 Kc7 57. Rf2 Kd7 58. Kc2 Rf8 59. Rf1 Rh8 60. Kb1 Rh7 61. Ka2 Rh8 62. Rf2 Rh7 63. b4 a4 64. Rf1 Rh8 65. bxc5 bxc5 66. Rb1 Kc7 67. Rb5 Bc3 68. Kb1 Bf6 69. Kc1 Be5 70. Kc2 Rh7 71. Ra5 Rh8 72. Kd3 Kb7 73. Rxa4 Kb6 74. Ke2 Bh2 1-0

[Event "BEL-chT 1415"]
[Site "Belgium"]
[Date "2014.10.19"]
[Round "2.8"]
[White "Werner, Ivan"]
[Black "Ducarmon, Renzo"]
[Result "0-1"]
[WhiteElo "2082"]
[BlackElo "2086"]
[PlyCount "82"]
[EventDate "2014.09.28"]
[EventType "team-swiss"]
[EventRounds "11"]
[EventCountry "BEL"]
[SourceTitle "EXT 2015"]
[Source "ChessBase"]
[SourceDate "2014.11.20"]
[SourceVersion "1"]
[SourceVersionDate "2014.11.20"]
[SourceQuality "1"]
[WhiteTeam "Namur"]
[BlackTeam "KGSRL"]
[WhiteTeamCountry "BEL"]
[BlackTeamCountry "BEL"]

1. e4 c5 2. Nf3 d6 3. c3 Nf6 4. Bc4 Nc6 5. Qe2 g6 6. d3 Bg7 7. Nbd2 0-0 8. 0-0 e5 9. Re1 h6 10. Nf1 d5 11. Bb5 Re8 12. Ng3 Qb6 13. exd5 Nxd5 14. d4 cxd4 15. cxd4 Bg4 16. Bc4 Nxd4 17. Qe4 Bxf3 18. gxf3 Nb4 19. Be3 Qc6 20. Rec1 Nxf3+ 21. Kf1 Qxe4 22. Nxe4 Nd4 23. a3 Nbc2 24. Nd6 Re7 25. Rab1 Rd8 26. Ne4 b5 27. Bd3 Nxe3+ 28. fxe3 Nf3 29. Ke2 f5 30. Kxf3 Rxd3 31. Nf2 e4+ 32. Ke2 Rb3 33. Rc2 Rd7 34. Nd1 Be5 35. h3 Rbd3 36. Rbc1 f4 37. Rc5 f3+ 38. Kf2 Rd2+ 39. Kf1 Rxd1+ 40. Rxd1 Rxd1+ 41. Kf2 Rd2+ 0-1

[Event "BEL-chT 1314"]
[Site "Belgium"]
[Date "2014.03.16"]
[Round "11.8"]
[White "Ducarmon, Renzo"]
[Black "Dugailliez, Guy"]
[Result "1/2-1/2"]
[WhiteElo "2050"]
[BlackElo "1957"]
[PlyCount "75"]
[EventDate "2013.09.22"]
[EventType "team-tourn"]
[EventRounds "11"]
[EventCountry "BEL"]
[SourceTitle "EXT 2015"]
[Source "ChessBase"]
[SourceDate "2014.11.20"]
[SourceVersion "1"]
[SourceVersionDate "2014.11.20"]
[SourceQuality "1"]
[WhiteTeam "KGSRL"]
[BlackTeam "Deurne"]
[WhiteTeamCountry "BEL"]
[BlackTeamCountry "BEL"]

1. e4 Nf6 2. e5 Nd5 3. d4 d6 4. c4 Nb6 5. exd6 exd6 6. Nc3 Be7 7. Bd3 Nc6 8. Be3 Bf6 9. Nge2 Bg4 10. f3 Bh5 11. 0-0 Bg6 12. Ne4 d5 13. Nxf6+ Qxf6 14. c5 Nd7 15. Nc3 Ne7 16. Nb5 Kd8 17. Bxg6 hxg6 18. Qd2 Qc6 19. a4 a6 20. Bf4 Nf5 21. Bxc7+ Ke8 22. Rfe1+ Kf8 23. Bd6+ Kg8 24. Re8+ Rxe8 25. Na7 Nxd6 26. Nxc6 Nc4 27. Qf4 bxc6 28. b3 Ne3 29. Re1 g5 30. Qc7 Nf6 31. Kf2 Neg4+ 32. fxg4 Nxg4+ 33. Kg3 Rxe1 34. Kxg4 Rh4+ 35. Kxg5 Ree4 36. Qc8+ Kh7 37. Qf5+ Kg8 38. Qc8+ 1/2-1/2

[Event "BEL-chT 1314"]
[Site "Belgium"]
[Date "2013.09.29"]
[Round "2.8"]
[White "Ducarmon, Renzo"]
[Black "Coenen, Norbert"]
[Result "1-0"]
[WhiteElo "2050"]
[BlackElo "2316"]
[PlyCount "65"]
[EventDate "2013.09.22"]
[EventType "team-tourn"]
[EventRounds "11"]
[EventCountry "BEL"]
[SourceTitle "CBM 156 Extra"]
[Source "ChessBase"]
[SourceDate "2013.10.22"]
[SourceVersion "1"]
[SourceVersionDate "2013.10.22"]
[SourceQuality "1"]
[WhiteTeam "KGSRL"]
[BlackTeam "Eynatten"]
[WhiteTeamCountry "BEL"]
[BlackTeamCountry "BEL"]

1. e4 c5 2. Nf3 e6 3. d4 cxd4 4. Nxd4 Nf6 5. Nc3 d6 6. f4 a6 7. Qf3 Nbd7 8. Be3 e5 9. Nf5 g6 10. Ng3 b5 11. Rd1 b4 12. Nd5 Nxd5 13. Rxd5 Qc7 14. Rd2 Bg7 15. f5 Bb7 16. b3 0-0 17. Bc4 Nb6 18. f6 Bh8 19. Nf5 h5 20. Nh6+ Kh7 21. Bxf7 Rxf7 22. Nxf7 Qxf7 23. Bxb6 Qe6 24. 0-0 d5 25. Qf2 dxe4 26. Rfd1 Rf8 27. Rd6 Qe8 28. Rd8 e3 29. Qxe3 Qc6 30. R1d7+ Kg8 31. Rxf8+ Kxf8 32. Qh6+ Ke8 33. Re7# 1-0

[Event "BEL-chT 1213"]
[Site "Belgium"]
[Date "2012.10.21"]
[Round "3.8"]
[White "Ducarmon, Renzo"]
[Black "Hautot, Stephane"]
[Result "0-1"]
[WhiteElo "2035"]
[BlackElo "2375"]
[PlyCount "76"]
[EventDate "2012.09.23"]
[EventType "team-tourn"]
[EventRounds "11"]
[EventCountry "BEL"]
[SourceTitle "EXT 2013"]
[Source "ChessBase"]
[SourceDate "2012.11.22"]
[SourceVersion "1"]
[SourceVersionDate "2012.11.22"]
[SourceQuality "1"]
[WhiteTeam "KGSRL"]
[BlackTeam "Wirtzfeld"]
[WhiteTeamCountry "BEL"]
[BlackTeamCountry "BEL"]

1. e4 c5 2. Nf3 d6 3. d4 cxd4 4. Nxd4 Nf6 5. Nc3 e6 6. f4 Be7 7. Be3 0-0 8. Be2 Nc6 9. Qd2 a6 10. 0-0 Qc7 11. f5 Ne5 12. Rad1 b5 13. a3 Bd7 14. Bf4 Nc4 15. Bxc4 bxc4 16. fxe6 fxe6 17. Nde2 Qb6+ 18. Kh1 Ng4 19. h3 Nf2+ 20. Rxf2 Qxf2 21. Bxd6 Bxd6 22. Qxd6 Rad8 23. Qc7 Qf7 24. a4 Qe8 25. Qxc4 Bc8 26. Nd4 Qg6 27. Nc6 Rxd1+ 28. Nxd1 Qf6 29. Ne3 Qxb2 30. Ne7+ Kh8 31. Qc5 Qb1+ 32. Kh2 Qb8+ 33. e5 Bb7 34. Nc4 Rf7 35. Na5 Be4 36. Nac6 Qe8 37. Qd6 Rf2 38. Kg3 Qf8 0-1

[Event "Maastricht Limburg op-A 5th"]
[Site "Maastricht"]
[Date "2011.06.13"]
[Round "7"]
[White "Ducarmon, Renzo"]
[Black "Broekmeulen, Jasper"]
[Result "0-1"]
[WhiteElo "1960"]
[BlackElo "2390"]
[PlyCount "98"]
[EventDate "2011.06.10"]
[EventType "swiss"]
[EventRounds "7"]
[EventCountry "NED"]
[SourceTitle "CBM 142 Extra"]
[Source "ChessBase"]
[SourceDate "2011.06.27"]
[SourceVersion "1"]
[SourceVersionDate "2011.06.27"]
[SourceQuality "1"]

1. e4 e5 2. Bc4 Nf6 3. d3 c6 4. Nf3 d6 5. c3 g6 6. 0-0 Bg7 7. Nbd2 0-0 8. Re1 h6 9. Bb3 Nbd7 10. d4 Re8 11. Nc4 Qe7 12. dxe5 Nxe5 13. Qxd6 Nxc4 14. Qxe7 Rxe7 15. Bxc4 Rxe4 16. Rxe4 Nxe4 17. Be3 Bg4 18. Rd1 b5 19. Bb3 a5 20. h3 Bxf3 21. gxf3 Nf6 22. Rd6 a4 23. Bc2 Rc8 24. Bd4 Ne8 25. Rd7 Bxd4 26. Rxd4 Kg7 27. c4 Kf6 28. cxb5 cxb5 29. Bd3 Rc5 30. Rh4 Nd6 31. Rb4 Ke5 32. Kg2 Kd5 33. Be4+ Nxe4 34. fxe4+ Kc6 35. a3 Rc1 36. f3 Rd1 37. Kf2 g5 38. Kg3 Rd3 39. Kg4 f6 40. Kg3 h5 41. Kf2 Kc5 42. Ke2 Rd4 43. Rxd4 Kxd4 44. Kd2 f5 45. exf5 Ke5 46. Ke3 Kxf5 47. Ke2 Kf4 48. Kf2 h4 49. Ke2 Kg3 0-1

[Event "NED-ch U15"]
[Site "Haarlem"]
[Date "2011.05.06"]
[Round "7"]
[White "Ducarmon, Renzo"]
[Black "Van den Bergh, Dennis"]
[Result "1-0"]
[WhiteElo "1976"]
[BlackElo "1402"]
[PlyCount "50"]
[EventDate "2011.04.30"]
[EventType "swiss"]
[EventRounds "9"]
[EventCountry "NED"]
[SourceTitle "EXT 2012"]
[Source "ChessBase"]
[SourceDate "2011.11.24"]
[SourceVersion "1"]
[SourceVersionDate "2011.11.24"]
[SourceQuality "1"]

1. e4 c5 2. Nf3 d6 3. d4 cxd4 4. Nxd4 Nf6 5. Nc3 a6 6. Bc4 e6 7. 0-0 Be7 8. Bb3 0-0 9. f4 b5 10. a3 Bb7 11. Qe2 d5 12. e5 Nfd7 13. Kh1 Bc5 14. Be3 Qb6 15. Rad1 Nc6 16. Qf2 Rac8 17. Nce2 Rfe8 18. Qg3 Kh8 19. Qg4 Nf8 20. c3 Ng6 21. Bc2 Na5 22. b4 Bxb4 23. axb4 Nc4 24. Bc1 Ne7 25. Rf3 Rg8 1-0

[Event "Maastricht Limburg op-B 4th"]
[Site "Maastricht"]
[Date "2010.05.22"]
[Round "3"]
[White "Ducarmon, Renzo"]
[Black "Van Steenkiste, Luc"]
[Result "1-0"]
[WhiteElo "1922"]
[BlackElo "1854"]
[PlyCount "59"]
[EventDate "2010.05.21"]
[EventType "swiss"]
[EventRounds "7"]
[EventCountry "NED"]
[SourceTitle "EXT 2011"]
[Source "ChessBase"]
[SourceDate "2010.11.26"]
[SourceVersion "1"]
[SourceVersionDate "2010.11.26"]
[SourceQuality "1"]

1. e4 d5 2. exd5 Nf6 3. d4 Bg4 4. Be2 Bxe2 5. Nxe2 Qxd5 6. 0-0 Nc6 7. Nbc3 Qh5 8. Bf4 0-0-0 9. a4 e5 10. Be3 exd4 11. Nxd4 Qg6 12. Ncb5 Nxd4 13. Bxd4 c5 14. Nxa7+ Kb8 15. Be5+ Bd6 16. Bxd6+ Kxa7 17. Bxc5+ Kb8 18. Qe1 Nd5 19. c4 Rhe8 20. Qa5 Nf4 21. Ba7+ Kc8 22. Qc5+ Qc6 23. Qf5+ Ne6 24. b4 g6 25. Qb5 Qe4 26. Rfe1 Qg4 27. Bb6 Rd7 28. Qa5 Rd2 29. Qa8+ Kd7 30. Qxb7+ 1-0

[Event "NED-ch U15"]
[Site "Haarlem"]
[Date "2010.05.08"]
[Round "9"]
[White "Cox, Jan"]
[Black "Ducarmon, Renzo"]
[Result "0-1"]
[WhiteElo "1857"]
[BlackElo "1923"]
[PlyCount "128"]
[EventDate "2010.04.29"]
[EventType "swiss"]
[EventRounds "9"]
[EventCountry "NED"]
[SourceTitle "EXT 2011"]
[Source "ChessBase"]
[SourceDate "2010.11.26"]
[SourceVersion "1"]
[SourceVersionDate "2010.11.26"]
[SourceQuality "1"]

1. e4 c5 2. c3 Nf6 3. e5 Nd5 4. Nf3 e6 5. d4 cxd4 6. cxd4 b6 7. Nc3 Nxc3 8. bxc3 Qc7 9. Qc2 Bb7 10. Bd3 d6 11. Bf4 h6 12. exd6 Bxd6 13. Bxd6 Qxd6 14. Ne5 Nc6 15. f4 Rc8 16. Rd1 0-0 17. 0-0 Nxe5 18. fxe5 Qe7 19. Qd2 Qh4 20. Rf4 Qg5 21. g3 f6 22. Rdf1 f5 23. Rd1 Qd8 24. Bf1 Bd5 25. Rc1 Rf7 26. c4 Be4 27. Bg2 Bxg2 28. Kxg2 Rd7 29. d5 exd5 30. e6 Re7 31. Rxf5 Rxe6 32. Rxd5 Qe8 33. Kf2 Rec6 34. Rf5 Qe6 35. Qd5 Qxd5 36. Rxd5 Rxc4 37. Rcd1 Rc2+ 38. R1d2 Rxd2+ 39. Rxd2 Rc3 40. Ke1 Kh7 41. Rf2 Kg6 42. Ke2 Ra3 43. Kd1 h5 44. Kc1 b5 45. Kb2 Re3 46. Kc2 a6 47. Kd2 Ra3 48. Kc1 Kg5 49. Kb2 Re3 50. Kc1 Kg4 51. Kd2 Ra3 52. Kc1 g6 53. Rf4+ Kh3 54. Rf2 a5 55. Kb1 b4 56. Kb2 g5 57. Re2 Rf3 58. Rd2 a4 59. Re2 Rf1 60. a3 bxa3+ 61. Kxa3 Rh1 62. Re6 Rxh2 63. Rh6 g4 64. Kxa4 Rc2 0-1